Kapitalisme en socialisme.

Bibliographic Details
Main Author: Domela Nieuwenhuis, Ferdinand, 1846-1919
Corporate Author: Gale (Firm)
Format: eBook
Language:Dutch
Published: [Haarlem, Netherlands] : [publisher not identified], [1880?]
Series:Making of the modern world. Part 2 (1851-1914)
Subjects:
Online Access:Connect to the full text of this electronic book

MARC

Tag First Indicator Second Indicator Subfields
LEADER 00000cam a2200000 a 4500
001 in00003855521
005 20190415182334.0
006 m o d
007 cr |n||||||||n
008 811019s1880 ne o 000 0 dut d
035 |a (MiFhGG)MOMW202357 
035 |a (OCoLC)778048163 
040 |a TGPSM  |c UtOrBLW  |d UtOrBLW 
050 4 |a HX276.S22  |b D664 1880 
100 1 |a Domela Nieuwenhuis, Ferdinand,  |d 1846-1919.  |0 http://id.loc.gov/authorities/names/n85298345 
245 1 0 |a Kapitalisme en socialisme. 
264 1 |a [Haarlem, Netherlands] :  |b [publisher not identified],  |c [1880?] 
300 |a 1 online resource (pages 1-34.). 
336 |a text  |b txt  |2 rdacontent 
337 |a computer  |b c  |2 rdamedia 
338 |a online resource  |b cr  |2 rdacarrier 
490 1 |a The making of the modern world. Part 2 (1851-1914) 
500 |a Caption title. 
500 |a Reprinted from: Vragen des tijds. 
500 |a Signed: F. Domela Nieuwenhuis, 's Gravenhage, juli 1880. 
500 |a Reproduction of the original from the University of Kansas. 
500 |a Electronic resource. 
600 1 0 |a Schäffle, A.  |q (Albert),  |d 1831-1903.  |t Die Quintessenz des Sozialismus. 
650 0 |a Socialism.  |0 http://id.loc.gov/authorities/subjects/sh85124118 
650 0 |a Capitalism.  |0 http://id.loc.gov/authorities/subjects/sh85019958 
655 7 |a Electronic books.  |2 local 
710 2 |a Gale (Firm)  |0 http://id.loc.gov/authorities/names/no2008071348 
830 0 |a Making of the modern world. Part 2 (1851-1914) 
856 |u http://proxy.library.tamu.edu/login?url=http://find.galegroup.com/openurl/openurl?url_ver=Z39.88-2004&url_ctx_fmt=info:ofi/fmt:kev:mtx:ctx&res_id=info:sid/gale:MOME&ctx_enc=info:ofi:enc:UTF-8&rft_val_fmt=info:ofi/fmt:kev:mtx:unknown&rft.artnum=U112441372&req_dat=info:sid/gale:ugnid:txshracd2898  |z Connect to the full text of this electronic book 
999 f f |s 961da257-c9be-38bc-83b7-112e3cbc7122  |i 9905286f-c709-332d-bc6c-779c51f016d4  |t 0 
952 f f |a Texas A&M University  |b College Station  |c Electronic Resources  |d Available Online  |t 0  |e HX276.S22 D664 1880  |h Library of Congress classification 
998 f f |a HX276.S22 D664 1880  |t 0  |l Available Online